[Event "EU-ch U10 24th"]
[Site "Batumi"]
[Date "2014.10.22"]
[Round "4"]
[White "Temiz, Eren"]
[Black "Ter Saakian, Grigorii"]
[Result "1/2-1/2"]
[WhiteElo "1485"]
[BlackElo "1766"]
[PlyCount "89"]
[EventDate "2014.10.19"]
[EventType "swiss"]
[EventRounds "9"]
[EventCountry "GEO"]
[SourceTitle "EXT 2016"]
[Source "ChessBase"]
[SourceDate "2015.10.08"]
[SourceVersion "1"]
[SourceVersionDate "2015.10.08"]
[SourceQuality "1"]

1. d4 d6 2. Nf3 Bg4 3. Nbd2 Nd7 4. e3 Ngf6 5. Be2 e6 6. c4 Be7 7. 0-0 0-0 8. b3 c6 9. Bb2 d5 10. Re1 Bb4 11. a3 Bxd2 12. Nxd2 Bf5 13. Nb1 Bg6 14. Bd3 Bxd3 15. Qxd3 Ne4 16. Nd2 f5 17. f3 Nxd2 18. Qxd2 Nf6 19. Qd3 Qd7 20. c5 a6 21. b4 h6 22. a4 Kh8 23. Re2 Rg8 24. Bc3 Ra7 25. Be1 Nh5 26. Rea2 Rga8 27. Bf2 Qe8 28. Rb2 g5 29. Rab1 Kg7 30. Rb3 Rb8 31. b5 axb5 32. axb5 Raa8 33. bxc6 bxc6 34. Rb6 Rc8 35. Qb3 Ra7 36. h3 f4 37. e4 Rac7 38. exd5 exd5 39. Re1 Qf7 40. Re5 Re8 41. Rxe8 Qxe8 42. Rb7 Qe7 43. Rxc7 Qxc7 44. Qb6 Qd7 45. Qb3 1/2-1/2